| 000 | 00825nam a22002535a 4500 | ||
|---|---|---|---|
| 005 | 20201128024059.0 | ||
| 008 | 161221t2013 mauaa frb 001 0 eng d | ||
| 020 | _a9789382291657 | ||
| 040 |
_aEG-ScBUE _beng _cEG-ScBUE _dEG-ScBUE |
||
| 082 | 0 | 4 |
_222 _a332.66 _bSTO |
| 100 | 1 |
_aStowell, David P. _922517 |
|
| 245 | 1 | 0 |
_aInvestment banks, hedge funds, and private equity / _cDavid P. Stowell. |
| 250 | _a2nd ed. | ||
| 260 |
_aWaltham ; _aOxford : _bAcademic Press / Elsevier, _cc.2013. |
||
| 300 |
_axxiv, 645 p. : _bill. ; _c24 cm. |
||
| 500 | _aIndex : p. 625-645. | ||
| 504 | _aIncludes bibliographical references. | ||
| 650 | 7 |
_2BUEsh _91908 _aInvestment banking. |
|
| 650 | 7 |
_95181 _aHedge funds. _2BUEsh |
|
| 650 | 7 |
_94336 _aPrivate equity. _2BUEsh |
|
| 651 | _2BUEsh | ||
| 653 |
_bBUSADM _cDecember2016 |
||
| 942 | _2ddc | ||
| 999 |
_c23666 _d23638 |
||